000 00746nam a22001577a 4500
008 151001b xxu||||| |||| 00| 0 eng d
020 _a0323001491
050 _aRB113.B82
100 _aBrashers, Valentina L.
245 _aClinical applications of pathophysiology: assessment, diagnostic reasoning, and management. /
_cValentina L. Brashers
260 _aNew York:
_bMosby,
_c1998.
300 _aix,436 p.:
_bill;
_c22cm.
505 _aContents: The cardiovascular system -- The pulmonary system -- Cancer -- The endocrine system -- The hematologic system -- The renal system -- The digestive system -- The neurological system -- The musculoskeletal system -- The reproductive system --
650 _aPhysiology, Pathological
942 _2lcc
_cBK
999 _c7247
_d14747